Loading...

Decolonisation

This updated Seminar Studies volume provides an overview of the process of British decolonisation. The eclipse of the British empire has, of course, been one of the central features of postwar international history. At the end of the Second World War the empire still spanned the globe and yet by the...

Fuld beskrivelse

Bibliografiske detaljer
Hovedforfatter: White, Nicholas J
Format: Printed Book
Udgivet: London Routledge 2014
Udgivelse:2
Serier:Seminar studies
Fag:
LEADER 01228nam a2200241 4500
020 |a 9781138667846 
082 0 4 |a 909.09712410825  |b WHI/D 
100 1 |a White, Nicholas J 
245 1 0 |a Decolonisation  
250 |a 2 
260 |a London  |b Routledge  |c 2014 
300 |a xxvi, 211 p. 
490 0 |a Seminar studies 
520 |a This updated Seminar Studies volume provides an overview of the process of British decolonisation. The eclipse of the British empire has, of course, been one of the central features of postwar international history. At the end of the Second World War the empire still spanned the globe and yet by the mid-1960s most of Britain's major dependencies had achieved legal independence. Concisely and accessibly, Nicholas White introduces students to this often dramatic story of colonial wars and emergencies, and fraught international relations. 
650 0 |a Decolonization 
650 6 |a Décolonisation. 
650 1 7 |a Dekolonisatie. 
650 1 7 |a Imperialisme. 
650 7 |a Entkolonialisierung. 
650 7 |a History. 
942 |c BK 
999 |c 60096  |d 60096 
952 |0 0  |1 0  |4 0  |6 909_097124108250000_WHI_D  |7 0  |9 67389  |a KUCL  |c Stack  |d 2020-12-04  |g 995.00  |l 0  |o 909.09712410825 WHI/D  |p 52177  |r 2020-12-04  |w 2020-12-04  |y BK